| 000 | 00927nam a22002297i 4500 | ||
|---|---|---|---|
| 999 |
_c23194 _d23194 |
||
| 003 | AR-CdUCM | ||
| 008 | 250124b20232023 pe||||| |||| 00| 0 spa d | ||
| 040 |
_aMUNICIPALIDAD PROVINCIAL DEL CUSCO _cBIBLIOTECA MUNICIPAL DEL CUSCO |
||
| 041 | _hspa | ||
| 082 |
_a352.16 / M95P _bM95P |
||
| 110 |
_aMunicipalidad Provincial de Chumbivilcas _950851 |
||
| 245 | _aPlan de Desarrollo Local Concertado de la Provincia de Chumbivilcas al 2032 / | ||
| 260 |
_aChumbivilcas-Cusco : _bGrupo Editorial Acuarela SAC. _c2023 |
||
| 300 |
_a245 páginas. : _c29x21 cm. |
||
| 505 | _aObjetivos y acciones estratégicas provinciales -- Dimensiones sociodemográficas -- Dimensiones económicas, ambientales -- Matriz de articulación de planes | ||
| 650 |
_aPlanes _940779 |
||
| 650 |
_aGobernanza _950957 |
||
| 650 |
_aPolíticas y planes _950958 |
||
| 650 |
_aPotencialidades _950959 |
||
| 942 |
_2ddc _cLIBROS |
||
| 945 |
_apbjr _d24-01-2025 |
||